Bilderatlas zur Schul- und Erziehungs Geschichte. Bd. 2

Bibliographic Details
Main Author: Alt, Robert (Author)
Format: Book
Language:German
PhysicalDescription:8, 658, [5] s. 4°
Published: Berlin Volk und Wissen 1965
Subjects:

MARC

LEADER 00000nam a2200000 a 4500
001 vtls001145078
003 SK-MaSNL
005 20260301002123.0
008 240314s1965 DD 0 ger
035 |a SNK000087933 
040 |a SNK  |b slo  |c SNK  |e AACR2 
041 0 |a ger 
044 |a [DD] 
100 1 |a Alt, Robert  |4 aut  |9 281383 
245 1 0 |a Bilderatlas zur Schul- und Erziehungs Geschichte. Bd. 2  |c Robert Alt 
260 |a Berlin  |b Volk und Wissen  |c 1965 
300 |a 8, 658, [5] s.  |c 4° 
650 0 7 |a dejiny školstva  |2 SNKPH  |9 71224 
650 0 7 |a dejiny pedagogiky  |2 SNKPH  |9 71333 
655 7 |a obrazové publikácie  |2 SNKPH  |9 70343 
958 |a RK 
958 |a OND 
999 |c 536608  |d 538538 
952 |t P60, <04>, [BOOK], {604}  |a SNK  |b SNK  |y VYP  |7 0  |p 17A0160982  |o snkIB 10944/2  |i snkK 1669/67  |0 0  |1 0  |4 0  |d 1998-10-14  |l 0  |r 2005-01-01 00:00:00  |w 2026-02-23